LEADER 00548naa a2200133 i 4500 001 000000322024 003 CaOOAMICUS 005 20180831173357.0 008 180831n xx u000 u und u 013 $a32312 040 $aSeMil$bita 245 10$aCourants théologiques dans la Tradition. 773 0 $aHarrelson, W.$tTradition et théologie dans l'ancien testament.$dParis : Les Éditions du Cerf, 1982.$kLectio divina $z2-204-0178-3$z2-7189-206-X$gp.193-224$w()64818 996 $6245$aCourants théologiques dans la Tradition$9(OLS)http://semarc/title/395555 LEADER 00626nam a2200181 i 4500 001 000000219287 003 CaOOAMICUS 005 20130318000000.0 008 130318s1959 xx u000 u ger u 013 $a198184 040 $aSeMil$bita 245 10$aSchriften von 1520 bis 1524. 250 $a5. verb. Aufl. 300 $a464 p. 773 0 $aLuther, Martin <1483-1545>$tLuthers Werke in Auswahl.$dBerlin : Walter de Gruyter, 1950-1959.$g2$w()28223 850 $aSeMil 852 $aSeMil$W1$xVenegono$y1$m2M I 2$j169652$B169652$CSeMilBibl$Z2$F180450 $81 996 $6245$aSchriften von 1520 bis 1524$9(OLS)http://semarc/title/314607